书目信息 |
| 题名: |
现代酶学
|
|
| 作者: | 袁勤生 主编 | |
| 分册: | ||
| 出版信息: | 上海 华东理工大学出版社 2001.09 |
|
| 页数: | 365页 | |
| 开本: | 29cm | |
| 丛书名: | ||
| 单 册: | ||
| 中图分类: | Q , Q55 | |
| 科图分类: | ||
| 主题词: | 酶 | |
| 电子资源: | ||
| ISBN: | 7-5628-1139-3 | |
| 000 | 00569nam0 2200205 45 | |
| 001 | 8055630808 | |
| 005 | 1980010415271035 | |
| 010 | @a7-5628-1139-3@dCNY 38.00 | |
| 100 | @a19800104d2001 km y0chiy0120 ea | |
| 101 | 0 | @achi |
| 200 | 1 | @a现代酶学@AXian Dai Mei Xue@f袁勤生主编@Fyuan qin sheng zhu bian |
| 210 | @a上海@c华东理工大学出版社@d2001.09 | |
| 215 | @a365页@d29cm | |
| 300 | @a华东理工大学研究生教育基金资助项目 | |
| 606 | 0 | @a酶 |
| 690 | @aQ@v3 | |
| 690 | @aQ55@v4 | |
| 701 | 0 | @a袁勤生@Ayuan qin sheng@4主编 |
| 801 | 0 | @aCN@bPFT@c19800104 |
| 905 | @dQ55@eY900 | |
| 现代酶学/袁勤生主编.-上海:华东理工大学出版社,2001.09 |
| 365页;29cm |
| 华东理工大学研究生教育基金资助项目 |
| ISBN 7-5628-1139-3:CNY 38.00 |
| ● |
| 相关链接 |
|
|
|
正题名:现代酶学
索取号:Q55/Y900
 
预约/预借
| 序号 | 登录号 | 条形码 | 馆藏地/架位号 | 状态 | 备注 |
| 1 | 369977 | 203699774 | 自科库401/401自科库 30排1列4层/ [索取号:Q55/Y900] | 在馆 | |
| 2 | 369978 | 203699783 | 自科库401/401自科库 30排1列4层/ [索取号:Q55/Y900] | 在馆 | |
| 3 | 369979 | 203699792 | 自科库401/401自科库 30排1列4层/ [索取号:Q55/Y900] | 在馆 | |
| 4 | 397651 | 203976518 | 自科库401/401自科库 30排1列4层/ [索取号:Q55/Y900] | 在馆 | |
| 5 | 397652 | 203976527 | 自科库401/401自科库 30排1列4层/ [索取号:Q55/Y900] | 在馆 |